000 00481nam a2200145Ia 4500
008 140724s9999 xx 000 0 und d
050 _aRT 82
_b.B336 2009
100 _aBatucan, Shalimar.
245 2 _aA comparative study on functional nursing and modified primary nursing /
_cShalimar Batucan.
260 _aLas PiƱas, Philippines :
_bSouthville International School and Colleges,
_cc2009.
300 _a73 p. :
_c28 cm.
521 _aNursing
942 _cTH
999 _c229066
_d229066